01210 a2200253 45000010006000000050017000060080041000230030015000640400040000790800083001192450046002020200018002482500011002662640032002773000025003095050432003340410008007661000024007747000022007987000028008207000037008487000037008857000034009222398020260407155526.0260407a1988 arg spa dAR-UNSa-BCEJYS aAR-UNSa-BCEJYSbspacAR-UNSa-BCEJYS a658.15xAdministración financiera privada. Gestión financiera de empresas 10aFundamentos de financiación empresarial a84-7615-171-3 a2a. ed 1aMadrid :bMcGraw-Hillc1988 axxvi, 948 p.c24 cm. a1. Introducción - 2. El valor - 3. Riego - 4. Problemas practicos en la elaboración de presupuestos de capital - 5. Eficiencia del mercado y decisiones de financiación - 6. Politica de dividendos y estructura de capital - 7. Valoración de los diferentes tipos de deudas - 8. Planificación financiera - 9. Decisiones finacieras a corto plazo - 10. Fusiones, financiación internacional y pensiones - 11. Conclusiones. aspa1 aBrealey, Richard A.1 aMyers, Stewart C.1 aEspitia Escuder, Manuel1 aAnsotegui Alcoz, Maria del Camen1 aRodriguez Fernandez, Jose Miguel1 aAzofra Palenzuela, Valentín